<?xml version="1.0" encoding="UTF-8"?>
<marc:record xmlns:marc="http://www.loc.gov/MARC21/slim">
   <marc:leader>00000nam a2200000 a 4500</marc:leader>
   <marc:datafield ind1="1" ind2=" " tag="100">
      <marc:subfield code="a">Nesser, Hakan</marc:subfield>
      <marc:subfield code="4">aut</marc:subfield>
      <marc:subfield code="e">Verfasser/-in</marc:subfield>
   </marc:datafield>
   <marc:datafield ind1="0" ind2="0" tag="245">
      <marc:subfield code="a">Moreno und das Schweigen</marc:subfield>
   </marc:datafield>
   <marc:datafield ind1="0" ind2="0" tag="245">
      <marc:subfield code="b">Van Veeteren</marc:subfield>
   </marc:datafield>
   <marc:datafield ind1="0" ind2="0" tag="245">
      <marc:subfield code="c">Hakan Nesser</marc:subfield>
   </marc:datafield>
   <marc:datafield ind1=" " ind2="1" tag="264">
      <marc:subfield code="b">MFA Film Distribution</marc:subfield>
      <marc:subfield code="c">2008</marc:subfield>
   </marc:datafield>
   <marc:datafield ind1="1" ind2=" " tag="490">
      <marc:subfield code="a">1</marc:subfield>
   </marc:datafield>
   <marc:datafield ind1="1" ind2=" " tag="520">
      <marc:subfield code="a">"Er wird mich töten!" flüstert eine Frauenstimme am Telefon. Ewa Moreno macht sich alarmiert sofort auf die Suche nach der Anruferin. Sie kommt zu spät. Das junge Mädchen ist bereits tot, als die Polizistin sie findet. Moreno stößt in ihren Ermittlungen auf eine Sekte, in der das Opfer Mitglied war, doch dort will niemand der Kriminalinspektorin helfen. Als ein weiteres Mädchen vermisst wird und ihre blutigen Fingernägel an die Polizei gesandt werden, kann Moreno das Schweigen der Sektengemeinschaft endlich brechen. Ein Wettlauf mit der Zeit beginnt.</marc:subfield>
   </marc:datafield>
   <marc:datafield ind1="0" ind2=" " tag="490">
      <marc:subfield code="v">0</marc:subfield>
   </marc:datafield>
   <marc:datafield ind1=" " ind2=" " tag="300">
      <marc:subfield code="a">86 Min.</marc:subfield>
   </marc:datafield>
</marc:record>
